|
|
|
|
| LEADER |
01134nam a22002775i 4500 |
| 001 |
7888 |
| 003 |
BD-DhAAL |
| 005 |
20150729104136.0 |
| 008 |
150729s2012 bg bg 001 0 eng |
| 010 |
|
|
|a 2014360692
|
| 020 |
|
|
|a 9847021400850
|
| 037 |
|
|
|b Library of Congress -- New Delhi Overseas Office
|
| 040 |
|
|
|a DLC
|b eng
|e rda
|c DLC
|d BD-DhAAL
|
| 050 |
0 |
0 |
|a LAW+
|
| 082 |
|
|
|a 347.5492
|
| 100 |
1 |
|
|a Haka, Kājī Ebādula,
|d 1936-
|e author.
|9 13299
|
| 245 |
1 |
0 |
|a Administration of justice in Bangladesh /
|c Justice Kazi Edadul Hoque.
|
| 250 |
|
|
|a Revised and enlarged third edition.
|
| 300 |
|
|
|a 321 pages ;
|c 24 cm
|
| 504 |
|
|
|a Includes bibliographical references (pages 295-297) and index.
|
| 541 |
|
|
|e 7888
|
| 650 |
|
|
|a Justice, Administration of -- Bangladesh.
|9 13300
|
| 942 |
|
|
|2 ddc
|c BK
|
| 999 |
|
|
|c 35088
|d 35088
|
| 952 |
|
|
|0 0
|1 0
|2 ddc
|4 0
|6 347_549200000000000_HAK
|7 0
|9 54998
|a SCL
|b SCL
|c GEN
|d 2015-07-29
|g 720.00
|l 0
|o 347.5492 HAK
|p 3020007888
|r 2015-07-29
|t 1
|w 2015-07-29
|y BK
|
| 952 |
|
|
|0 0
|1 0
|2 ddc
|4 0
|6 347_549200000000000_HAK
|7 0
|9 54999
|a SCL
|b SCL
|c GEN
|d 2015-07-29
|g 720.00
|l 0
|o 347.5492 HAK
|p 3020007889
|r 2019-03-19
|t 2
|w 2015-07-29
|y BK
|